000 00708nac a22002051u 4500
010 _a008729183
020 _a0273630946
082 _a658.4012
_bGRU
090 _c6458
_d6458
100 _aGrundy, Tony.
245 _aHarnessing strategic behaviour : why personality and politics drive company strategy /
_cTony Grundy.
260 _aLondon :
_b Financial Times, c.1998.
_cc.1998.
300 _axvi,271p. :
_bill. ;
_c24cm.
500 _aDistributer: Al-Ahram.
504 _aBibliography: p263-267. _ Includes index.
511 _aCatalogued By: Mahitab.
650 _aStrategic planning.
650 _aOrganizational behavior.
942 _cBB
_k658.4012GRU
999 _c6458
_d6458